000 01829cam a22004697a 4500
001 000092580
003 CHAP
005 20220329142855.0
008 041119d2004 mx r 00110 spa d
010 _a89046
011 _a90018
035 _a100574
040 _cCHAP
090 _aTesis
100 0 0 _aCano Limón, Mónica.
_918405
245 1 0 _aResistencia múltiple en Avena fatua L. y Phalaris spp., a los herbicidas clodinafop-propargil, imazetapir, nicosulfuron, pendimetalina y metolaclor, bajo condiciones de invernadero. Chapingo, México. /
_c/por Mónica Cano Limón y Abner García Ramírez.
260 _aChapingo, Méx. :
_bEl autor,
_c2004.
300 _a67 h.
502 _aTesis (Ing. Agr. Esp. en Parasitología Agrícola) -- UACH. Departamento de Parasitología Agrícola
590 _aALEPH
_b10
_c20130110
_lUCH01
_h1501
590 _aBATCH-UPD
_b10
_c20130110
_lUCH01
_h0535
590 _aBATCH-UPD
_b10
_c20130410
_lUCH01
_h0215
590 _aBATCH-UPD
_b10
_c20130914
_lUCH01
_h0436
590 _aBATCH-UPD
_b10
_c20140324
_lUCH01
_h1446
590 _aBATCH-UPD
_b10
_c20141002
_lUCH01
_h0823
590 _aBATCH
_b00
_c20181121
_lUCH01
_h0759
590 _aCONVERSION
_b10
_c20130109
_lUCH01
_h1349
590 _aE12093SGE
_b10
_c20130718
_lUCH01
_h1331
650 1 4 _aAvena fatua.
_98557
650 1 4 _aCultivos en invernadero.
_930376
650 1 4 _aPhalaris minor.
_987761
650 1 4 _aPlantas
_xResistencia a herbicidas.
_988883
700 0 0 _aGarcía Ramírez, Abner.
_946478
856 _3Finding aid
_uhttp://10.13.5.2/tesis/100574.pdf
_zTeclea aquí
856 _a1
_n0001242
901 _aBK
905 _aAlejandra Carrasco M.
942 _cCD
942 _n0
949 _aTesis
_bBC
_cTES
_d1005741
_eTS1
_h42657
_i100574
_sb
949 _aTesis
_bBC
_cTES
_d33724000796579
_eTS2
_fc.2
_h42658
_i100574
_si
999 _c89046
_d89046